Frontiers in Drug Design and Discovery (Vol-3) (Record no. 24767)

000 -LEADER
fixed length control field 00321nam a22000977a 4500
008 - FIXED-LENGTH DATA ELEMENTS--GENERAL INFORMATION
fixed length control field 150330b xxu||||| |||| 00| 0 eng d
020 ## - INTERNATIONAL STANDARD BOOK NUMBER
International Standard Book Number 978-1-60805-671-2
Terms of availability Available
082 ## - DEWEY DECIMAL CLASSIFICATION NUMBER
Classification number 615.107822RAH
Author Mark 002836
245 ## - TITLE STATEMENT
Title Frontiers in Drug Design and Discovery (Vol-3)
Statement of responsibility, etc. Rahman-Ur-Atta
260 ## - PUBLICATION, DISTRIBUTION, ETC.
Place of publication, distribution, etc. USA
Name of publisher, distributor, etc. Bentham Science Publisher
Date of publication, distribution, etc. 2014
Holdings
Withdrawn status Lost status Source of classification or shelving scheme Materials specified (bound volume or other part) Damaged status Not for loan Permanent Location Current Location Shelving location Date acquired Total Checkouts Full call number Barcode Date last seen Price effective from Koha item type
      Volume-3     Central Library (CL) Central Library (CL)   03/30/2015   615.107822RAH RCMS002836 03/30/2015 03/30/2015 Book
© 2023 Central Library, National University of Sciences and Technology. All Rights Reserved.